[Event "Santiago Endesa Interempresas tt-B"]
[Site "Santiago de Chile"]
[Date "2009.09.15"]
[Round "9"]
[White "Andueza Quezada, Danilo"]
[Black "Gonzalez Vassallo, Enzo"]
[Result "1-0"]
[WhiteElo "2165"]
[BlackElo "1834"]
[PlyCount "99"]
[EventDate "2009.07.21"]
[EventType "team"]
[EventRounds "11"]
[EventCountry "CHI"]
[SourceTitle "EXT 2012"]
[Source "ChessBase"]
[SourceDate "2011.11.24"]
[SourceVersion "1"]
[SourceVersionDate "2011.11.24"]
[SourceQuality "1"]

1. d4 d5 2. c4 c6 3. Nc3 Nf6 4. e3 g6 5. Nf3 Bg7 6. Be2 0-0 7. 0-0 Nbd7 8. h3 b6 9. cxd5 cxd5 10. b3 Bb7 11. a4 Rc8 12. Bb2 Ne4 13. Na2 Ndf6 14. Ba3 Nd6 15. Qd3 Nfe4 16. Rac1 f6 17. Nc3 Nxc3 18. Rxc3 Qd7 19. Rfc1 Rxc3 20. Rxc3 Rc8 21. Rxc8+ Nxc8 22. Qc2 Qc6 23. Qxc6 Bxc6 24. Ba6 Nd6 25. Bxd6 exd6 26. Ne1 Kf7 27. Nd3 g5 28. g4 Bd7 29. Bb7 f5 30. Bxd5+ Kf6 31. f3 fxg4 32. hxg4 a5 33. Nf2 h6 34. Ne4+ Ke7 35. Nc3 Bf6 36. Kf2 Be6 37. Ke2 Kd7 38. Kd3 Bd8 39. Ke4 Bxd5+ 40. Kxd5 Bf6 41. Ne4 Be7 42. Nd2 Bd8 43. Nc4 Bc7 44. e4 Ke7 45. Kc6 Bd8 46. Nxd6 Ke6 47. Nc4 Bf6 48. d5+ Ke7 49. e5 Bg7 50. Kxb6 1-0

[Event "Santiago Endesa Interempresas tt-B"]
[Site "Santiago de Chile"]
[Date "2008.07.29"]
[Round "2"]
[White "Gonzalez Vassallo, Enzo"]
[Black "Lamar Flores, Roberto"]
[Result "0-1"]
[WhiteElo "1980"]
[BlackElo "2023"]
[PlyCount "38"]
[EventDate "2008.07.22"]
[EventType "team"]
[EventRounds "11"]
[EventCountry "CHI"]
[SourceTitle "EXT 2012"]
[Source "ChessBase"]
[SourceDate "2011.11.24"]
[SourceVersion "1"]
[SourceVersionDate "2011.11.24"]
[SourceQuality "1"]

1. d4 d5 2. c4 c6 3. Nc3 Nf6 4. Nf3 Bf5 5. Bg5 e6 6. e3 Nbd7 7. Rc1 Qa5 8. Bd3 Bg4 9. 0-0 dxc4 10. Be2 Bxf3 11. Bxf3 Qxg5 12. a4 h5 13. Qc2 Bd6 14. e4 Bf4 15. Rcd1 Ng4 16. g3 h4 17. gxf4 Qxf4 18. Bxg4 Qxg4+ 19. Kh1 Qf3+ 0-1

[Event "Santiago Endesa Interempresas"]
[Site "Santiago de Chile"]
[Date "2007.??.??"]
[Round "9"]
[White "Gonzalez Vassallo, Enzo"]
[Black "Dumas Aviles, Alejandro"]
[Result "0-1"]
[WhiteElo "1980"]
[BlackElo "2221"]
[PlyCount "80"]
[EventDate "2007.??.??"]
[EventType "tourn"]
[EventRounds "11"]
[EventCountry "CHI"]
[SourceTitle "EXT 2008"]
[Source "ChessBase"]
[SourceDate "2007.11.25"]
[SourceVersion "1"]
[SourceVersionDate "2007.11.25"]
[SourceQuality "1"]

1. d4 Nf6 2. c4 g6 3. Nc3 Bg7 4. Nf3 0-0 5. Bg5 h6 6. Bh4 c5 7. e3 cxd4 8. exd4 d6 9. Be2 Bg4 10. h3 Bxf3 11. Bxf3 Nc6 12. 0-0 Qb6 13. Bxc6 bxc6 14. b3 Rfe8 15. Rc1 Qa5 16. Qf3 Rac8 17. Rfe1 Qf5 18. Qxf5 gxf5 19. Re3 d5 20. f3 e6 21. Ne2 Nd7 22. Bf2 c5 23. f4 cxd4 24. Rg3 Kf8 25. Nxd4 Nf6 26. Nb5 Ne4 27. Rd3 a6 28. Nd4 dxc4 29. Rxc4 Rxc4 30. bxc4 Rc8 31. Bh4 Kg8 32. Nb3 Rxc4 33. Rd8+ Kh7 34. Ra8 Ra4 35. Ra7 Kg6 36. Kh2 Rxa2 37. Nc1 Ra1 38. Nd3 Bd4 39. Ne5+ Bxe5 40. fxe5 f4 0-1

[Event "Santiago Endesa Interempresas"]
[Site "Santiago de Chile"]
[Date "2007.??.??"]
[Round "3"]
[White "Llorens Sepulveda, Marcelo"]
[Black "Gonzalez Vassallo, Enzo"]
[Result "1/2-1/2"]
[WhiteElo "2353"]
[BlackElo "1980"]
[PlyCount "100"]
[EventDate "2007.??.??"]
[EventType "tourn"]
[EventRounds "11"]
[EventCountry "CHI"]
[SourceTitle "EXT 2008"]
[Source "ChessBase"]
[SourceDate "2007.11.25"]
[SourceVersion "1"]
[SourceVersionDate "2007.11.25"]
[SourceQuality "1"]

1. e4 c5 2. Nf3 a6 3. c3 Nf6 4. Bd3 Nc6 5. Bc2 c4 6. a4 e5 7. Qe2 d5 8. 0-0 Bg4 9. h3 Bh5 10. d3 cxd3 11. Bxd3 Be7 12. Bg5 dxe4 13. Bxe4 Nxe4 14. Bxe7 Qxe7 15. Qxe4 Rd8 16. Re1 0-0 17. Na3 Rfe8 18. Nc4 Bg6 19. Qe3 Rd3 20. Qg5 f6 21. Qh4 e4 22. Nh2 Qc5 23. Ne3 Ne5 24. Nhf1 Nc4 25. Nxc4 Qxc4 26. Ne3 Qb3 27. Re2 Red8 28. Qf4 h6 29. Qc7 f5 30. g3 Rd2 31. Rxd2 Rxd2 32. Qc4+ Bf7 33. Qxb3 Bxb3 34. Nxf5 Rxb2 35. Re1 Bxa4 36. Rxe4 Rb1+ 37. Kh2 Bc6 38. Ne7+ Kf7 39. Nxc6 bxc6 40. Ra4 Rb6 41. Ra5 Ke6 42. c4 g6 43. Kg2 Rb4 44. Rxa6 Rxc4 45. g4 Kd6 46. Ra7 h5 47. Rg7 hxg4 48. Rxg6+ Ke5 49. Rxg4 Rc3 50. Rg8 c5 1/2-1/2